Music Quiz

Random Music or Song Quiz

More Cowbell! Quiz Stats

 Plays Quiz Updated Feb 22, 2019

Score 0/25 Timer 08:00
0 Plays Today
Time Interval Song % Correct
0:07-0:17Low Rider
82.5%
4:05-4:15(Don't Fear) The Reaper
70.7%
2:55-3:05Welcome to the Jungle
69.1%
1:25-1:35Funkytown
65.2%
2:05-2:15Lady Marmalade
61%
3:55-4:05Play That Funky Music
59.1%
1:45-1:55Down on the Corner
56%
2:45-2:55You Ain't Seen Nothing Yet
54.9%
2:35-2:45Owner of a Lonely Heart
52.9%
0:27-0:37Honky Tonk Women
47.8%
3:15-3:25You Spin Me Round (Like a Record)
46.4%
0:37-0:47Mississippi Queen
44.2%
0:47-0:55Funky Cold Medina
42.5%
Time Interval Song % Correct
1:15-1:25Oye Como Va
40.6%
1:05-1:15Drive My Car
40.6%
1:55-2:05Gimme Three Steps
33.8%
3:25-3:35Killing in the Name
30.4%
0:17-0:27We're an American Band
30.2%
3:05-3:15Good Times, Bad Times
29%
2:15-2:25Love Rollercoaster
20.2%
1:35-1:45Hair of the Dog
16.3%
2:25-2:35U Got the Look
10.2%
0:55-1:05Hey Ladies
9.5%
3:35-3:45Pigs (Three Different Ones)
7.1%
3:45-3:55Electioneering
5.5%

You're not logged in!

Compare scores with friends on all Sporcle quizzes.
OR
Log In

Sporcle TV

Today on Sporcle TV


Watch our educational content, quiz creation guides, and fun videos on Sporcle TV.

Show Comments

Extras

Top Quizzes Today


Score Distribution

Your Account Isn't Verified!

In order to create a playlist on Sporcle, you need to verify the email address you used during registration. Go to your Sporcle Settings to finish the process.

Report this User

Report this user for behavior that violates our Community Guidelines.

Details: